000 00403pam a2200157a 44500
008 230515b1980 xxu||||| |||| 00| 0 eng d
020 _aNULL
041 _aENGLISH
082 _a624.183412 /EVA/KON
100 _aEVANS R.H./KONG E. K.
245 _aREINFORCED & PRESTRESSD CONCRETE
250 _aND
260 _aNULL
_bVAN NOSTRAND REINHOLD COMPANY LTD
_c1980
300 _a412 PB
650 _aNULL
999 _c622513
_d622513